000 00369nam a22001457a 4500
999 _c3478
_d3478
003 URS
005 20220114142524.0
008 191024s a|||| |||| 00| 0 eng d
040 _cURS
_beng
_drda
050 1 4 _aAE 5
_b.E5636
245 0 0 _aEncyclopedia britanica:year in review
260 _aChicago:
300 _a559 pages:
_bwith Illustration;
_c27 cm.
942 _2lcc
_cREF